Derechos de los detenidos y sujetos a proceso / (Record no. 81097)

MARC details
000 -CABECERA
campo de control de longitud fija 00822nam a2200241 a 4500
005 - FECHA Y HORA DE LA ÚLTIMA TRANSACCIÓN
campo de control 20220604063702.0
008 - ELEMENTOS DE LONGITUD FIJA--INFORMACIÓN GENERAL
campo de control de longitud fija 010531s2000 mx r 000 0 spa d
020 ## - NÚMERO INTERNACIONAL NORMALIZADO PARA LIBROS
Número Internacional Estándar del Libro 9683682286
020 ## - NÚMERO INTERNACIONAL NORMALIZADO PARA LIBROS
Número Internacional Estándar del Libro 968369019X (2a ed.)
035 ## - NÚMERO DE CONTROL DEL SISTEMA
Número de control de sistema UPN01000107185
049 ## - COLECCIÓN
Colección CG
050 #4 - SIGNATURA TOPOGRÁFICA DE LA BIBLIOTECA DEL CONGRESO
Número de clasificación KGF5917
Número de documento/Ítem A3.2
100 1# - ASIENTO PRINCIPAL--NOMBRE PERSONAL
Nombre de persona Adato Green, Victoria
245 10 - MENCIÓN DE TÍTULO
Título Derechos de los detenidos y sujetos a proceso /
Mención de responsabilidad, etc. Victoria Adato Green.
260 ## - PUBLICACIÓN, DISTRIBUCIÓN, ETC.
Lugar de publicación, distribución, etc. México :
Nombre del editor, distribuidor, etc. Cámara de Diputados, LVII Legislatura :
-- UNAM, Instituto de Investigaciones Jurídicas,
Fecha de publicación, distribución, etc. 2000.
300 ## - DESCRIPCIÓN FÍSICA
Extensión xxi, 71 p. :
Otras características físicas il.
440 #0 - MENCIÓN DE SERIE/ASIENTO SECUNDARIO--TÍTULO
Título Nuestros derechos
500 ## - NOTA GENERAL
Nota general "Segunda edición: 2001" (reimpresión)
650 #4 - ASIENTO SECUNDARIO DE MATERIA - TERMINO TEMATICO
Término de materia o nombre geográfico como elemento de entrada DERECHO PENAL -
Subdivisión geográfica MEXICO
9 (RLIN) 9888
650 #4 - ASIENTO SECUNDARIO DE MATERIA - TERMINO TEMATICO
Término de materia o nombre geográfico como elemento de entrada DETENCION PREVENTIVA -
Subdivisión geográfica MEXICO
9 (RLIN) 15899
650 #4 - ASIENTO SECUNDARIO DE MATERIA - TERMINO TEMATICO
Término de materia o nombre geográfico como elemento de entrada Derechos humanos
Subdivisión geográfica México
9 (RLIN) 5183
905 ## - TIPO DE MATERIAL
Tipo de material Libro
Holdings
Estado de retiro Estado de pérdida Fuente del sistema de clasificación o colocación Estado dañado No para préstamo Código de colección Localización permanente Ubicación/localización actual Ubicación en estantería Enumeración/cronología de publicación seriada Total de préstamos Clasificación Código de barras Fecha visto por última vez Número de copia Tipo de ítem Koha
    Library of Congress Classification     Colección General Bib. Gregorio Torres Quintero Bib. Gregorio Torres Quintero Planta baja Donación UNESCO   KGF5917 A3.2 U3288 31/12/2020 1 Libro
    Library of Congress Classification     Colección General Bib. Gregorio Torres Quintero Bib. Gregorio Torres Quintero Planta baja   2 KGF5917 A3.2 174158 31/12/2020 1 Libro